UBT Library

Chemistry/ (Record no. 405)

000 -LEADER
fixed length control field 00442nam a22001817a 4500
005 - DATE AND TIME OF LATEST TRANSACTION
control field 20140411082355.0
008 - FIXED-LENGTH DATA ELEMENTS--GENERAL INFORMATION
fixed length control field 140306b xxu||||| |||| 00| 0 eng d
020 ## - INTERNATIONAL STANDARD BOOK NUMBER
International Standard Book Number 9780071751308
041 0# - LANGUAGE CODE
Language code of text/sound track or separate title eng
080 ## - UNIVERSAL DECIMAL CLASSIFICATION NUMBER
Edition identifier 54
Common auxiliary subdivision (075)
245 ## - TITLE STATEMENT
Title Chemistry/
250 ## -
-- 2nd ed.
260 ## -
-- New York.
-- Mc Graw Hill,
-- 2011
300 ## -
-- 353 f.;
-- me il.;
-- 23 cm
500 ## -
-- Index, f. 335-353
650 ## -
-- Kimia
942 ## - ADDED ENTRY ELEMENTS (KOHA)
Source of classification or shelving scheme
Item type Books
Holdings
Withdrawn status Lost status Source of classification or shelving scheme Damaged status Not for loan Collection code Permanent location Current location Shelving location Date acquired Total Checkouts Full call number Barcode Date last seen Koha item type Price effective from
          Koleksioni i përgjithshem UBT - Ferizaj UBT - Ferizaj Koleksioni i përgjithshem 03/06/2014   54 WIL 003-000011 03/06/2014 Books  
          Koleksioni i përgjithshem UBT - Ferizaj UBT - Ferizaj Koleksioni i përgjithshem 03/06/2014   54 WIL 003-000012 03/06/2014 Books  
          Koleksioni i përgjithshem UBT - Ferizaj UBT - Ferizaj Koleksioni i përgjithshem 03/06/2014   54 WIL 003-000013 03/06/2014 Books  
          Koleksioni i përgjithshem UBT - Ferizaj UBT - Ferizaj Koleksioni i përgjithshem 03/06/2014   54 WIL 003-000014 03/06/2014 Books  
          Koleksioni i përgjithshem UBT - Ferizaj UBT - Ferizaj Koleksioni i përgjithshem 03/06/2014   54 WIL 003-000015 03/06/2014 Books  
          Koleksioni i përgjithshem UBT - Ferizaj UBT - Ferizaj Koleksioni i përgjithshem 03/06/2014   54 WIL 003-000016 03/06/2014 Books  
          Koleksioni i përgjithshem UBT - Ferizaj UBT - Ferizaj Koleksioni i përgjithshem 03/06/2014   54 WIL 003-000017 03/06/2014 Books  
          Koleksioni i përgjithshem UBT - Ferizaj UBT - Ferizaj Koleksioni i përgjithshem 03/06/2014   54 WIL 003-000018 03/06/2014 Books  
          Koleksioni i përgjithshem UBT - Ferizaj UBT - Ferizaj Koleksioni i përgjithshem 03/06/2014   54 WIL 003-000019 03/06/2014 Books  
          Koleksioni i përgjithshem UBT - Ferizaj UBT - Ferizaj Koleksioni i përgjithshem 03/06/2014   54 WIL 003-000020 03/06/2014 Books  
          Koleksioni i përgjithshem UBT - Lipjan UBT - Lipjan Koleksioni i përgjithshem 06/01/2015   54 WIL   06/01/2015 Books 06/01/2015
UBT Library © 2015-2024. All rights reserved University Education for Business and Technology